| 000 | 00780nam a2200217 i 4500 | ||
|---|---|---|---|
| 001 | 167783 | ||
| 003 | ES-MaACL | ||
| 005 | 20250716063329.0 | ||
| 008 | 050928m18241825fr |||| | fre d | ||
| 100 | 0 |
_aVoltaire, _d1694-1778 _9115721 |
|
| 245 | 1 | 0 |
_aPhilosophie / _cde Voltaire. |
| 260 |
_aParis : _bP. Dupont, _c1824-1825 ( _fImp. de Gaultier-Laguionie) |
||
| 300 |
_a4 v. ; _c21 cm. |
||
| 490 | 1 |
_aOeuvres complètes de Voltaire ; _v31-34 |
|
| 597 | _aContiene: I. 1824 (600 p.) - II. 1825 (599 p.) - III. 1824 (494 p.) - IV. 1824 (491 p.) | ||
| 600 | 0 | 4 |
_aVoltaire, _d1694-1778 _9115721 |
| 700 | 1 |
_aDupont, Paul. _946109 |
|
| 830 | 0 |
_aOeuvres complètes de Voltaire ; _v31-34 _9188721 |
|
| 852 |
_aES-MaACL _jF-7551-54 _z- Enc. hol. |
||
| 999 |
_c167783 _d167783 |
||